Contabilidad analítica (Registro nro. 2105)

Detalles MARC
000 -LEADER
fixed length control field 02381 a2200217 4500
001 - CONTROL NUMBER
control field 30677
005 - DATE AND TIME OF LATEST TRANSACTION
control field 20260407155616.0
008 - FIXED-LENGTH DATA ELEMENTS--GENERAL INFORMATION
fixed length control field 260407a1991 arg spa d
003 - CONTROL NUMBER IDENTIFIER
control field AR-UNSa-BCEJYS
040 ## - CATALOGING SOURCE
Original cataloging agency AR-UNSa-BCEJYS
Language of cataloging spa
Transcribing agency AR-UNSa-BCEJYS
080 ## - UNIVERSAL DECIMAL CLASSIFICATION NUMBER
Universal Decimal Classification number 657.47
Common auxiliary subdivision Contabilidad de Costos
100 1# - MAIN ENTRY--PERSONAL NAME
Personal name Mallo Rodriguez, Carlos
245 10 - TITLE STATEMENT
Title Contabilidad analítica
Name of part/section of a work costes,rendimientos,precios y resultados
250 ## - EDITION STATEMENT
Edition statement 4a. ed
264 #1 - PRODUCTION, PUBLICATION, DISTRIBUTION, MANUFACTURE, AND COPYRIGHT NOTICE
Place of production, publication, distribution, manufacture Madrid :
Name of producer, publisher, distributor, manufacturer Ministerio de Economía y Hacienda
Date of production, publication, distribution, manufacture, or copyright notice 1991
300 ## - PHYSICAL DESCRIPTION
Extent 1159 p.
Dimensions 24 cm.
505 ## - FORMATTED CONTENTS NOTE
Formatted contents note 1º Parte: La contabilidad como ciencia : 1. Concepto de ciencia de la contabilidad - 2. Evolución histórica y planeamientos actuales - 3. El método en contabilidad - 4. Medición, valoración y agregación contables - 2ºParte: La conducta dela empresa y sus modelos : 5. Contabilidad presupuestaria y planeación empresarial - 6. Desarrollo presupuestario - 7. Los presupuestos financieros - 8. Contabilidad financiera - 3ºParte: Contabilidad de costos y rendimientos : 9. Contabilidad de costos - 10. los costos.conceptos y clases - 11. Método de calculo - 12. Métodos de calculo de la producción conjunta - 13. Medida de la producción y el rendimiento - 14. Costos de los materiales - 15. Coste dela mano de obra - 16. Coste de amortización y generales de fabricación - 17. Coste de financiación - 18. Estadística de costes, producción, ventas y resultados - 4º Parte: Modelos de costes :19. Modelos de costs completo - 20. Modelos de costes comerciales - 21. Modelo de contabilidad de costes por secciones - 22. Modelo francés de contabilidad analítica - 23. Modelo español de contabilidad analítica - 24. Modelo de -direct, costing - 5º Parte: Contabilidad de gestión: control y decisión: 25. Calculo del resultado interno - 26. Calculo de las desviaciones de costes - 27. Calculo de costes y política de precios - 28. Descentralización y precios de transferencia - 29.Análisis estadístico de los costes - 30. Análisis lineal de la producción y costes - 31. El cálculo matricial e la contabilidad de costes - 32. Un modelo integral de gestión: El cuadro de flujos financieros y tratamiento de la inflación.
590 ## - LOCAL NOTE (RLIN)
Local note niveau_biblio:m niveau_hierar:0
856 41 - ELECTRONIC LOCATION AND ACCESS
Uniform Resource Identifier <a href="https://biblioeco.unsa.edu.ar/pmb/images/libros/Contabilidad Analitica.jpg">https://biblioeco.unsa.edu.ar/pmb/images/libros/Contabilidad Analitica.jpg</a>
Link text Imagen de portada
Electronic format type image/jpeg
942 ## - ADDED ENTRY ELEMENTS (KOHA)
Koha item type
Existencias
Withdrawn status Lost status Damaged status Not for loan Home library Current library Shelving location Date acquired Total checkouts Full call number Barcode Date last seen Price effective from Koha item type
        Biblioteca Prof. Eusebio Cleto del Rey Biblioteca Prof. Eusebio Cleto del Rey   07/04/2026   657.47 M255 L53608 07/04/2026 07/04/2026 Libro